Statystyki dla Marki Piwa na "K"

Kliknij tutaj aby rozwiązać quiz!

Ogólne statystyki

  • Ten quiz został rozwiązany 104 razy
  • Średni wynik to 2 z 8

Statystyki odpowiedzi

Numer▼ Jakie piwo Wariacie? ▼% Poprawnych
1.Kasztelan
76%
2.Kozel
37%
6.Karmi
33%
4.Książ
33%
3.Kuflowe Mocne
22%
5.Karpackie
16%
7.Koźlak
12%
8.Komes
5%

Rozkład punktacji

Percentyl według liczby udzielonych odpowiedzi

Procent ludzi z każdym wynikiem

Twoja historia wyników

Nie rozwiązałeś tego quizu